<?xml version="1.0" encoding="UTF-8"?>
<collection xmlns="http://www.loc.gov/MARC21/slim">
 <record>
  <leader>01738nam a22002537a 4500</leader>
  <controlfield tag="001">NCT_60725</controlfield>
  <controlfield tag="008">190228b        xxu||||| |||| 00| 0 vie d</controlfield>
  <datafield tag="999" ind1=" " ind2=" ">
   <subfield code="c">2944</subfield>
   <subfield code="d">2944</subfield>
  </datafield>
  <datafield tag="020" ind1=" " ind2=" ">
   <subfield code="a">9786046634072</subfield>
   <subfield code="c">150000</subfield>
  </datafield>
  <datafield tag="082" ind1="0" ind2="4">
   <subfield code="2">23rd ed.</subfield>
   <subfield code="a">611.7</subfield>
   <subfield code="b">D309</subfield>
  </datafield>
  <datafield tag="100" ind1="1" ind2=" ">
   <subfield code="a">Phạm Đăng Diệu</subfield>
  </datafield>
  <datafield tag="245" ind1="1" ind2="0">
   <subfield code="a">Giải phẫu chi trên - chi dưới</subfield>
   <subfield code="c">Phạm Đăng Diệu</subfield>
  </datafield>
  <datafield tag="250" ind1=" " ind2=" ">
   <subfield code="a">Tái bản lần thứ 5</subfield>
  </datafield>
  <datafield tag="260" ind1=" " ind2=" ">
   <subfield code="a">H.</subfield>
   <subfield code="b">Y học</subfield>
   <subfield code="c">2018</subfield>
  </datafield>
  <datafield tag="300" ind1=" " ind2=" ">
   <subfield code="a">517 tr.</subfield>
   <subfield code="b">Hình vẽ</subfield>
   <subfield code="c">21cm</subfield>
  </datafield>
  <datafield tag="520" ind1="3" ind2=" ">
   <subfield code="a">Sách trình bày dưới dạng một trang giải thích kềm với một trang hình minh họa trực tiếp. Có các thông tin giải phẫu mô tả , một số kiến thức chức năng và áp dụng. </subfield>
  </datafield>
  <datafield tag="653" ind1=" " ind2=" ">
   <subfield code="a">Y Đa khoa</subfield>
  </datafield>
  <datafield tag="942" ind1=" " ind2=" ">
   <subfield code="2">ddc</subfield>
   <subfield code="c">BK</subfield>
  </datafield>
  <datafield tag="952" ind1=" " ind2=" ">
   <subfield code="0">0</subfield>
   <subfield code="1">0</subfield>
   <subfield code="2">ddc</subfield>
   <subfield code="4">0</subfield>
   <subfield code="6">611_700000000000000_D309</subfield>
   <subfield code="7">0</subfield>
   <subfield code="9">15880</subfield>
   <subfield code="a">000001</subfield>
   <subfield code="b">000001</subfield>
   <subfield code="d">2019-02-28</subfield>
   <subfield code="o">611.7 D309</subfield>
   <subfield code="p">MD.14706</subfield>
   <subfield code="r">2019-02-28</subfield>
   <subfield code="v">150000.00</subfield>
   <subfield code="w">2019-02-28</subfield>
   <subfield code="y">BK</subfield>
  </datafield>
  <datafield tag="952" ind1=" " ind2=" ">
   <subfield code="0">0</subfield>
   <subfield code="1">0</subfield>
   <subfield code="2">ddc</subfield>
   <subfield code="4">0</subfield>
   <subfield code="6">611_700000000000000_D309</subfield>
   <subfield code="7">0</subfield>
   <subfield code="9">15881</subfield>
   <subfield code="a">000001</subfield>
   <subfield code="b">000001</subfield>
   <subfield code="d">2019-02-28</subfield>
   <subfield code="l">12</subfield>
   <subfield code="m">2</subfield>
   <subfield code="o">611.7 D309</subfield>
   <subfield code="p">MD.14707</subfield>
   <subfield code="q">2022-03-06</subfield>
   <subfield code="r">2022-02-12</subfield>
   <subfield code="s">2022-02-12</subfield>
   <subfield code="v">150000.00</subfield>
   <subfield code="w">2019-02-28</subfield>
   <subfield code="y">BK</subfield>
  </datafield>
  <datafield tag="952" ind1=" " ind2=" ">
   <subfield code="0">0</subfield>
   <subfield code="1">0</subfield>
   <subfield code="2">ddc</subfield>
   <subfield code="4">0</subfield>
   <subfield code="6">611_700000000000000_D309</subfield>
   <subfield code="7">0</subfield>
   <subfield code="9">15882</subfield>
   <subfield code="a">000001</subfield>
   <subfield code="b">000001</subfield>
   <subfield code="d">2019-02-28</subfield>
   <subfield code="l">10</subfield>
   <subfield code="m">1</subfield>
   <subfield code="o">611.7 D309</subfield>
   <subfield code="p">MD.14708</subfield>
   <subfield code="q">2022-03-03</subfield>
   <subfield code="r">2022-02-17</subfield>
   <subfield code="s">2022-02-17</subfield>
   <subfield code="v">150000.00</subfield>
   <subfield code="w">2019-02-28</subfield>
   <subfield code="y">BK</subfield>
  </datafield>
  <datafield tag="952" ind1=" " ind2=" ">
   <subfield code="0">0</subfield>
   <subfield code="1">0</subfield>
   <subfield code="2">ddc</subfield>
   <subfield code="4">0</subfield>
   <subfield code="6">611_700000000000000_D309</subfield>
   <subfield code="7">0</subfield>
   <subfield code="9">15883</subfield>
   <subfield code="a">000001</subfield>
   <subfield code="b">000001</subfield>
   <subfield code="d">2019-02-28</subfield>
   <subfield code="l">15</subfield>
   <subfield code="m">2</subfield>
   <subfield code="o">611.7 D309</subfield>
   <subfield code="p">MD.14709</subfield>
   <subfield code="q">2022-03-03</subfield>
   <subfield code="r">2022-02-17</subfield>
   <subfield code="s">2022-02-17</subfield>
   <subfield code="v">150000.00</subfield>
   <subfield code="w">2019-02-28</subfield>
   <subfield code="y">BK</subfield>
  </datafield>
  <datafield tag="952" ind1=" " ind2=" ">
   <subfield code="0">0</subfield>
   <subfield code="1">0</subfield>
   <subfield code="2">ddc</subfield>
   <subfield code="4">0</subfield>
   <subfield code="6">611_700000000000000_D309</subfield>
   <subfield code="7">0</subfield>
   <subfield code="9">15884</subfield>
   <subfield code="a">000001</subfield>
   <subfield code="b">000001</subfield>
   <subfield code="d">2019-02-28</subfield>
   <subfield code="l">3</subfield>
   <subfield code="o">611.7 D309</subfield>
   <subfield code="p">MD.14710</subfield>
   <subfield code="q">2020-04-01</subfield>
   <subfield code="r">2020-03-18</subfield>
   <subfield code="s">2020-03-18</subfield>
   <subfield code="v">150000.00</subfield>
   <subfield code="w">2019-02-28</subfield>
   <subfield code="y">BK</subfield>
  </datafield>
  <datafield tag="980" ind1=" " ind2=" ">
   <subfield code="a">Thư viện Trường Đại học Nam Cần Thơ</subfield>
  </datafield>
 </record>
</collection>
